[Event "ZN-2014-0-02557"]
[Site "LSS email"]
[Date "2014.01.12"]
[Round "?"]
[White "Venturas, Bob"]
[Black "Kautsar, Teguh"]
[Result "1-0"]
[WhiteElo "701"]
[BlackElo "800"]
[PlyCount "35"]
[EventDate "2014.01.10"]
[EventType "match (corr)"]
[EventRounds "2"]
[EventCountry "GER"]
[SourceTitle "Telechess CBM 167"]
[Source "ChessBase"]
[SourceDate "2015.07.13"]
[SourceVersion "1"]
[SourceVersionDate "2015.07.13"]
[SourceQuality "1"]

1. e4 c5 2. Bc4 Nc6 3. c3 d6 4. Qf3 Nf6 5. h3 e6 6. Ne2 Be7 7. d3 0-0 8. 0-0 Ne5 9. Qe3 Nxc4 10. dxc4 a5 11. a4 Qc7 12. f4 e5 13. f5 Bd7 14. Nd2 Bc6 15. Ng3 Qd7 16. Nf3 Bxa4 17. Nd2 Bc6 18. b3 1-0

[Event "ZN-2014-0-02555"]
[Site "LSS email"]
[Date "2014.01.11"]
[Round "?"]
[White "Kautsar, Teguh"]
[Black "Rocek, Vladimir"]
[Result "0-1"]
[WhiteElo "800"]
[BlackElo "1724"]
[PlyCount "28"]
[EventDate "2014.01.10"]
[EventType "match (corr)"]
[EventRounds "2"]
[EventCountry "GER"]
[SourceTitle "Corr 2022"]
[Source "ChessBase"]
[SourceDate "2021.10.24"]
[SourceVersion "1"]
[SourceVersionDate "2021.10.24"]
[SourceQuality "1"]

1. d4 Nf6 2. Nf3 d5 3. Bf4 c6 4. Nbd2 Bf5 5. e3 Nbd7 6. Nb3 h6 7. Bd3 Ne4 8. Bxe4 Bxe4 9. 0-0 e6 10. Nfd2 Bg6 11. c4 Be7 12. cxd5 exd5 13. Rc1 0-0 14. Bg3 Bd3 0-1